• 首页
  • 本馆介绍
  • 公告通知
  • 最新文献
  • 馆藏检索
  • 电子资源
  • 读者导购
  • 参考咨询
  • 我的图书馆
  • 登录
  • 详细信息显示
  • 放入我的书架
  • 预约/预借图书
  • 作者相关作品
  • 分类相关作品
  • 丛书相关作品
  • 出版社相关作品

书目信息

  • 表格格式
  • 工作单格式
  • 卡片格式
题名:
我的皇帝学生
    
 
作者: 庄士敦 著 ;江城 译
分册:  
出版信息: 北京   台海出版社  2020
页数: 339页
开本: 21cm
丛书名:
单 册:
中图分类: K827=72 , K252.06
科图分类:
主题词: 清代--qing dai--古代史--史料
电子资源:
ISBN: 978-7-5168-2700-0
000 01169nam0 2200277 450
001 2159555050
005 20211011172912.0
010    @a978-7-5168-2700-0@dCNY58.00
100    @a20210715d2020 em y0chiy0120 ea
101 1  @achi@ceng
102    @aCN@b110000
105    @aa z 000yd
106    @ar
200 1  @a我的皇帝学生@Awo de huang di xue sheng@dMy emperor student@f(英)庄士敦著@g江城译@zeng
210    @a北京@c台海出版社@d2020
215    @a339页@c图,照片@d21cm
330    @a本书是一本历史书。作者庄士敦在中国生活了三十余年,在这本“目击身经”的实录里,庄士敦不仅书写了末代皇帝从少年时代到青年时代的身世,也借此勾连起从义和团运动到袁世凯称帝、张勋复辟、冯玉祥兵变等诸多重大事件。此外,他还在书中描绘了在紫禁城那个奇异、封闭的世界里独特的生活图景。
510 1  @aMy emperor student@zeng
600  0 @a爱新觉罗·溥仪@Aai xin jue luo pu yi@f(1906-1967)@x生平事迹
606 0  @a清代@Aqing dai@x古代史@j史料
690    @aK827=72@v5
690    @aK252.06@v5
701  0 @c(英)@a庄士敦@Azhuang shi dun@c(Johnston, Reginald Fleming@f1874-1938)@4著
702  0 @a江城@Ajiang cheng@4译
801  0 @aCN@b百万庄@c20211011
905    @b1308768-771@dK827=72@e1065@f4
    
    我的皇帝学生=My emperor student/(英)庄士敦著/江城译.-北京:台海出版社,2020
    339页:图,照片;21cm
    
    
    ISBN 978-7-5168-2700-0:CNY58.00
    本书是一本历史书。作者庄士敦在中国生活了三十余年,在这本“目击身经”的实录里,庄士敦不仅书写了末代皇帝从少年时代到青年时代的身世,也借此勾连起从义和团运动到袁世凯称帝、张勋复辟、冯玉祥兵变等诸多重大事件。此外,他还在书中描绘了在紫禁城那个奇异、封闭的世界里独特的生活图景。
●
相关链接 在E读中查询图书 在五车中查询图书 在当当中查询图书 在豆瓣中查询图书


正题名:我的皇帝学生     索取号:K827=72/1065         预约/预借

序号 登录号 条形码 馆藏地/架位号 状态 备注
1 1308768   213087684   第二样本阅览室/ [索取号:K827=72/1065] 在馆    
2 1308769   213087693   第二借阅区/ [索取号:K827=72/1065] 在馆    
3 1308770   213087700   第二借阅区/ [索取号:K827=72/1065] 在馆    
4 1308771   213087719   第二借阅区/ [索取号:K827=72/1065] 在馆    
唐山师范学院图书馆 欢迎您!
大连网信软件有限公司© 版权所有